Answers contain “House” #2 - Statistics

General Stats
  • This quiz has been taken 20 times
  • The average score is 8 of 18
Answer Stats
Hint 1 Answers % Correct
Elvis Presley’s favorite type of rock jailhouse
89%
free of charge on the house
79%
Where you’ll do the time if you do the crime big house
68%
The best little one is in Texas whorehouse
63%
Where getting your body clean is a group event bathhouse
58%
You can live on the actual water of a lake in this houseboat
53%
Residence for Greek men at universities fraternity house
47%
Type of restaurant where menu choices include Orange Pekoe and Earl Grey teahouse
47%
A cinema that would show an experimental French film, say art house
37%
Midway staple typically containing a mirror maze and a dizzying revolving cylinder funhouse
37%
Netflix series featuring Kevin Spacey as conniving Frank Underwood House of Cards
37%
Aged British actor who starred in the 1973 film “The Paper Chase” John Houseman
37%
A nickname for the Walt Disney Company and the name of one of its early 2000s animated series House of Mouse
32%
Type of asylum where the crazies are confined madhouse
32%
What Will E. Maykit is 40 steps from outhouse
32%
Film production company responsible for such horror flicks as “The Purge” movies and “Paranormal Activity” Blumhouse
11%
Place to store your buggy carriage house
11%
In “Kill Bill” Vol 1, the name of the establishment where the Bride kills O-Ren Ishii House of Blue Leaves
5%
No matching quizzes found
Score Distribution
Percent of People with Each Score
Percentile by Number Answered
Your Score History
You have not taken this quiz